000 00330nam a2200145Ia 4500
005 20251222144731.0
008 251222s9999||||xx |||||||||||||| ||spa||
020 _a978960663693
082 _a458/D11
100 _aDe Biasio, M
245 0 _aMosaico Italia:
250 _a1ra.ed.
264 _bEdizioni Edilingua
942 _cLIB
999 _c18610
_d18610